| 000 | 01745cam a2200433 a 4500 | ||
|---|---|---|---|
| 001 | 2581373 | ||
| 003 | OSt | ||
| 005 | 20140310184523.0 | ||
| 008 | 960826s1997 nyua b 000 1 eng | ||
| 010 | _a 96042561 | ||
| 020 | _a0679866973 (pbk.) | ||
| 020 | _a0679966978(lib. bdg.) | ||
| 040 |
_aDLC _cDLC _dDLC |
||
| 042 | _alcac | ||
| 050 | 0 | 0 |
_aPZ 7 _b.P2197Jtw 1998 |
| 100 | 1 |
_aPark, Barbara. _96412 |
|
| 245 | 1 | 0 |
_aJunie B. Jones has a monster under her bed / _cBarbara Park ; illustrated by Denise Brunkus. |
| 260 |
_aNew York : _bRandom House, _c1998. |
||
| 300 |
_a69 p. : _bill. ; _c20 cm. |
||
| 490 | 1 |
_aThe Junie B. Jones series ; _v#8 |
|
| 500 | _a"A stepping stone book." | ||
| 520 | _aAfter hearing from a classmate at kindergarten that people have monsters under their beds, Junie B. Jones is afraid to go to sleep that night. | ||
| 526 | _c340 | ||
| 650 | 1 |
_aMonsters _xFiction. _929913 |
|
| 650 | 1 |
_aBedtime _xFiction. _929914 |
|
| 650 | 1 |
_aFear _xFiction. _929915 |
|
| 650 | 1 |
_aKindergarten _xFiction. _929916 |
|
| 650 | 1 |
_aSchools _xFiction. _929917 |
|
| 700 | 1 |
_aBrunkus, Denise, _eill. _929918 |
|
| 800 | 1 |
_aPark, Barbara. _tJunie B. Jones series ; _v#8. _929919 |
|
| 856 | 4 | 2 |
_3Contributor biographical information _uhttp://www.loc.gov/catdir/bios/random057/96042561.html |
| 856 | 4 | 1 |
_3Sample text _uhttp://www.loc.gov/catdir/samples/random043/96042561.html |
| 856 | 4 | 2 |
_3Publisher description _uhttp://www.loc.gov/catdir/description/random047/96042561.html |
| 906 |
_a7 _bcbc _corignew _d1 _eocip _f19 _gy-gencatlg |
||
| 942 |
_2lcc _cBK-SCHOLAS |
||
| 999 |
_c35066 _d35066 |
||